[Event "4NCL/Div3/AMCAR vs. FPONTY"]
[Site "Sunningdale ENG"]
[Date "2008.10.18"]
[Round "1.6"]
[White "Holowczak, Alex"]
[Black "Brown, Gordon R"]
[Result "1-0"]
[WhiteElo "1700"]
[BlackElo "1850"]
[PlyCount "139"]
[EventDate "2008.10.18"]
[SourceDate "2008.10.04"]

1. e4 e5 2. Nf3 Nf6 3. Nxe5 d6 4. Nf3 Nxe4 5. Qe2 Qe7 6. d3 Nf6 7. Bg5 Nbd7 8.
Nbd2 Qxe2+ 9. Bxe2 Be7 10. d4 O-O 11. c3 Re8 12. O-O Nf8 13. Rfe1 Bf5 14. Nh4
Bg6 15. Nxg6 Nxg6 16. Bd3 Nd5 17. Bxe7 Rxe7 18. Rxe7 Ndxe7 19. Re1 Kf8 20. Nf3
h6 21. a4 Re8 22. Kf1 Nf4 23. Bc2 a5 24. Re4 Nfd5 25. g3 Nf6 26. Re1 Ned5 27.
Rxe8+ Kxe8 28. Nd2 b6 29. Be4 Nxe4 30. Nxe4 Ke7 31. Ke2 Ke6 32. f3 f5 33. Nf2
f4 34. Nd3 fxg3 35. hxg3 Kf5 36. c4 Nf6 37. Ke3 h5 38. b4 g5 39. b5 h4 40. Kf2
hxg3+ 41. Kxg3 Nh5+ 42. Kf2 Nf4 43. Nxf4 Kxf4 44. Ke2 g4 45. fxg4 Kxg4 46. Ke3
Kf5 47. Kf3 Ke6 48. Ke4 d5+ 49. cxd5+ Kd6 50. Kd3 Kxd5 51. Kc3 Kd6 52. Kc4 c6
53. bxc6 Kxc6 54. d5+ Kd6 55. Kd4 Kd7 56. Kc4 Kd6 57. Kd4 Kd7 58. Kd3 Kd6 59.
Kc4 Kd7 60. Kd3 Kd6 61. Ke4 Kd7 62. Ke5 Ke7 63. d6+ Kd7 64. Kd5 b5 65. axb5 a4
66. b6 a3 67. b7 a2 68. b8=Q a1=Q 69. Qc7+ Ke8 70. Qe7# 1-0

[Event "4NCL/Div3/BCA vs. HAL"]
[Site "Sunningdale ENG"]
[Date "2008.10.18"]
[Round "1.1"]
[White "Mordue, A Tyson"]
[Black "Brockbank, Henry"]
[Result "1/2-1/2"]
[WhiteElo "2292"]
[BlackElo "2100"]
[PlyCount "44"]
[EventDate "2008.10.18"]
[SourceDate "2008.10.04"]

1. e4 d5 2. exd5 Nf6 3. d4 Bg4 4. f3 Bf5 5. Bb5+ c6 6. dxc6 Qa5+ 7. Nc3 Nxc6 8.
Nge2 O-O-O 9. O-O e5 10. Bd3 Bxd3 11. Qxd3 exd4 12. Nb5 Rd5 13. a4 Qb6 14. Kh1
Bd6 15. Nf4 Bxf4 16. Bxf4 Qc5 17. Rad1 Rhd8 18. Rfe1 R5d7 19. Rc1 b6 20. c3
dxc3 21. Qxc3 Qxc3 22. Nxc3 Kb7 1/2-1/2

[Event "4NCL/Div3/BCA vs. HAL"]
[Site "Sunningdale ENG"]
[Date "2008.10.18"]
[Round "1.2"]
[White "Asbury, Jon A"]
[Black "Cole, Tristram C"]
[Result "0-1"]
[WhiteElo "1865"]
[BlackElo "1970"]
[PlyCount "52"]
[EventDate "2008.10.18"]
[SourceDate "2008.10.04"]

1. d4 e6 2. c4 d5 3. Nc3 Nf6 4. Bg5 Be7 5. e3 O-O 6. Nf3 h6 7. Bh4 Ne4 8. Bxe7
Qxe7 9. Bd3 Nxc3 10. bxc3 dxc4 11. Bxc4 b6 12. O-O Bb7 13. Qe2 Nd7 14. e4 Rfd8
15. Rfd1 e5 16. d5 Nc5 17. a4 a5 18. Qc2 Rd6 19. Rd2 Rad8 20. Rad1 Bc8 21. h3
Bd7 22. Bb3 Qe8 23. Ra1 f6 24. Ra2 Qg6 25. Kh2 Qxe4 26. c4 Qf4+ 0-1

[Event "4NCL/Div3/BCA vs. HAL"]
[Site "Sunningdale ENG"]
[Date "2008.10.18"]
[Round "1.3"]
[White "Birchall, Bruce H"]
[Black "Peck, Windsor W"]
[Result "0-1"]
[WhiteElo "2000"]
[BlackElo "1845"]
[PlyCount "100"]
[EventDate "2008.10.18"]
[SourceDate "2008.10.04"]

1. e4 e6 2. d3 d5 3. Nd2 Nf6 4. f4 c5 5. Be2 Nc6 6. c3 Be7 7. e5 Nd7 8. Ngf3
O-O 9. d4 Qb6 10. Qb3 cxd4 11. Qxb6 Nxb6 12. cxd4 Nb4 13. O-O Bd7 14. Ne1 Rac8
15. a3 Nc2 16. Nxc2 Rxc2 17. Bd3 Rc7 18. Nf3 Nc4 19. g4 Rfc8 20. f5 Bb5 21. Bf4
Nxa3 22. Rxa3 Bxa3 23. Bxb5 Bxb2 24. fxe6 fxe6 25. Rd1 Rf8 26. Ng5 Rxf4 27.
Nxe6 Rxg4+ 28. Kh1 Rc2 29. Bf1 Rh4 30. Bg2 b6 31. Rf1 Rc1 32. Rxc1 Bxc1 33.
Bxd5 Ba3 34. Nd8+ Kf8 35. Nc6 a5 36. Ba2 Rh3 37. Be6 Re3 38. d5 Ke8 39. Bg4 Rc3
40. Kg2 Rxc6 41. dxc6 Kd8 42. Kf3 Kc7 43. Bd7 b5 44. Ke4 b4 45. Kd3 Bb2 46. e6
Bf6 47. Kc4 Be7 48. Kb3 Kd6 49. Ka4 g5 50. Kxa5 b3 0-1

[Event "4NCL/Div3/BCA vs. HAL"]
[Site "Sunningdale ENG"]
[Date "2008.10.18"]
[Round "1.4"]
[White "Payne, Louis"]
[Black "Andrews, Norman"]
[Result "1-0"]
[WhiteElo "1460"]
[BlackElo "1785"]
[PlyCount "71"]
[EventDate "2008.10.18"]
[SourceDate "2008.10.04"]

1. e4 d6 2. d4 Nf6 3. Nc3 g6 4. Nf3 Bg7 5. Be3 Bg4 6. Be2 Nbd7 7. O-O O-O 8.
Re1 e5 9. d5 a6 10. Qd3 Nh5 11. h3 Bxf3 12. Bxf3 Nf4 13. Qd2 Qf6 14. Bg4 Qe7
15. Bxf4 exf4 16. Bxd7 Qxd7 17. Qxf4 Rfe8 18. Re3 Be5 19. Qg4 Qe7 20. Rae1 Qf8
21. Qf3 Bg7 22. b3 Re5 23. Ne2 Rae8 24. Ng3 Bh6 25. R3e2 R8e7 26. Qg4 Re8 27.
f4 R5e7 28. Nf5 Bg7 29. Nxe7+ Qxe7 30. Qg3 Qd7 31. c4 Bd4+ 32. Kf1 Qd8 33. e5
Bc5 34. e6 Kh8 35. exf7 Rxe2 36. Rxe2 1-0

[Event "4NCL/Div3/PPA2 vs. NOTT1"]
[Site "Sunningdale ENG"]
[Date "2008.10.18"]
[Round "1.1"]
[White "Harley, Andrew"]
[Black "Tournier, Mathieu"]
[Result "1/2-1/2"]
[WhiteElo "2211"]
[BlackElo "2268"]
[PlyCount "53"]
[EventDate "2008.10.18"]
[SourceDate "2008.10.04"]

1. e4 e5 2. Nf3 Nc6 3. Bb5 a6 4. Ba4 Nf6 5. O-O b5 6. Bb3 Bc5 7. a4 Rb8 8. d3
d6 9. c3 O-O 10. Nbd2 Bb6 11. Re1 Ng4 12. Re2 Kh8 13. h3 Nh6 14. g4 Ng8 15. Nf1
g6 16. Be3 f5 17. Bxb6 Rxb6 18. exf5 gxf5 19. g5 Nge7 20. Ne3 Ng6 21. Nd5 Rb8
22. axb5 axb5 23. h4 Nce7 24. Nf6 Bb7 25. Re3 f4 26. Re4 Ng8 27. Nxg8 1/2-1/2

[Event "4NCL/Div3/PPA2 vs. NOTT1"]
[Site "Sunningdale ENG"]
[Date "2008.10.18"]
[Round "1.2"]
[White "Walker, Andrew N"]
[Black "Bailey, Kevin"]
[Result "1/2-1/2"]
[WhiteElo "2070"]
[BlackElo "2071"]
[PlyCount "58"]
[EventDate "2008.10.18"]
[SourceDate "2008.10.04"]

1. e4 e6 2. d4 d5 3. Nc3 Bb4 4. e5 c5 5. Bd2 cxd4 6. Nb5 Bc5 7. Qg4 g6 8. Nf3
Nc6 9. Nbxd4 a6 10. Bc3 Bd7 11. Bd3 Nge7 12. O-O h5 13. Qf4 Nf5 14. Bxf5 gxf5
15. Nxf5 exf5 16. e6 Rg8 17. exd7+ Qxd7 18. Ne5 Nxe5 19. Qxe5+ Kf8 20. Rad1 Rd8
21. Rfe1 Qc6 22. Bd4 Bxd4 23. Rxd4 Qg6 24. Qe7+ Kg7 25. Rd3 Rge8 26. Rg3 Rxe7
27. Rxg6+ Kxg6 28. Rxe7 Rc8 29. Re2 f4 1/2-1/2

[Event "4NCL/Div3/PPA2 vs. NOTT1"]
[Site "Sunningdale ENG"]
[Date "2008.10.18"]
[Round "1.3"]
[White "McCorry, Robert T"]
[Black "Levens, David"]
[Result "1/2-1/2"]
[WhiteElo "2059"]
[BlackElo "2005"]
[PlyCount "64"]
[EventDate "2008.10.18"]
[SourceDate "2008.10.04"]

1. d4 d5 2. c4 e5 3. dxe5 d4 4. Nf3 Nc6 5. g3 Bf5 6. Bg2 Qd7 7. O-O Nge7 8. Qa4
Ng6 9. Rd1 Rd8 10. e3 Bc5 11. Qb5 Bb6 12. exd4 Nxd4 13. Qxd7+ Rxd7 14. Nxd4
Bxd4 15. Nc3 Nxe5 16. Bxb7 O-O 17. Bd5 Bxc3 18. bxc3 Nxc4 19. Rd4 Nb6 20. Bc6
Rxd4 21. cxd4 Rd8 22. Be3 Be6 23. Bf3 Bd5 24. Bxd5 Nxd5 25. Rc1 Kf8 26. Rc5 Rd6
27. Ra5 a6 28. Bc1 Nb4 29. Ba3 Rxd4 30. Rxa6 Ke8 31. Ra8+ Kd7 32. Bxb4 Rxb4
1/2-1/2

[Event "4NCL/Div3/PPA2 vs. NOTT1"]
[Site "Sunningdale ENG"]
[Date "2008.10.18"]
[Round "1.4"]
[White "Kingston, Ian"]
[Black "McMahon, Paul"]
[Result "1/2-1/2"]
[WhiteElo "2002"]
[BlackElo "2018"]
[PlyCount "89"]
[EventDate "2008.10.18"]
[SourceDate "2008.10.04"]

1. e4 e5 2. Nf3 Nc6 3. Bb5 a6 4. Ba4 Nf6 5. O-O b5 6. Bb3 Be7 7. Re1 d6 8. c3
Bg4 9. d3 Na5 10. Bc2 c5 11. Be3 Qc7 12. Nbd2 Nc6 13. Nf1 O-O 14. Ng3 Rfe8 15.
h3 Be6 16. Ng5 Nd8 17. f4 d5 18. f5 Bc8 19. exd5 Nxd5 20. N5e4 Bb7 21. Qg4 Qc6
22. Nh5 g6 23. Bh6 Nf6 24. Nhxf6+ Bxf6 25. Bg5 gxf5 26. Qxf5 Bxg5 27. Qxg5+ Kh8
28. Rf1 Qg6 29. Qxg6 hxg6 30. Nxc5 Bd5 31. Ne4 Re7 32. Nf6 Bc6 33. Bb3 Kg7 34.
g4 Ne6 35. Bxe6 Rxe6 36. Ne4 Bxe4 37. dxe4 Rd8 38. Rf2 Rd3 39. Raf1 Re7 40. Rf3
Red7 41. Kg2 Rxf3 42. Rxf3 Rd2+ 43. Rf2 Rd3 44. h4 Re3 45. Rd2 1/2-1/2

[Event "4NCL/Div3/PPA2 vs. NOTT1"]
[Site "Sunningdale ENG"]
[Date "2008.10.18"]
[Round "1.5"]
[White "Davison, Chris"]
[Black "Jones, Mark"]
[Result "1-0"]
[WhiteElo "2020"]
[BlackElo "2015"]
[PlyCount "55"]
[EventDate "2008.10.18"]
[SourceDate "2008.10.04"]

1. e4 e5 2. Nf3 Nc6 3. d4 exd4 4. Nxd4 Bc5 5. Be3 Qf6 6. c3 Nge7 7. Be2 d6 8.
O-O Ne5 9. Nb5 Bxe3 10. fxe3 Qg6 11. Nxc7+ Kd8 12. Nxa8 h5 13. Nd2 Bh3 14. Rf2
Ng4 15. Bxg4 Bxg4 16. Nf3 h4 17. Ne5 Bxd1 18. Nxg6 fxg6 19. Rxd1 Kd7 20. Rf7
Rxa8 21. e5 Ke6 22. Rxg7 dxe5 23. e4 b5 24. Rh7 g5 25. Rh6+ Kf7 26. Rdd6 Rg8
27. Rh7+ Ke8 28. Re6 1-0

[Event "4NCL/Div3/PPA2 vs. NOTT1"]
[Site "Sunningdale ENG"]
[Date "2008.10.18"]
[Round "1.6"]
[White "Taylor, Robert P"]
[Black "Stewart, Ashley"]
[Result "1/2-1/2"]
[WhiteElo "1944"]
[BlackElo "1960"]
[PlyCount "79"]
[EventDate "2008.10.18"]
[SourceDate "2008.10.04"]

1. d4 Nf6 2. Nf3 e6 3. Bg5 d5 4. Nbd2 Be7 5. e3 O-O 6. Bd3 Nbd7 7. c3 h6 8. Bf4
b6 9. Rc1 Bb7 10. Qe2 Ne4 11. Ne5 Nxe5 12. Bxe5 f6 13. Bf4 f5 14. O-O Bd6 15.
Bxd6 Qxd6 16. Nf3 Nf6 17. Ne5 Nd7 18. Ng6 Rf6 19. Qh5 Kh7 20. Nf4 g5 21. Nh3
Rg6 22. Qe2 Nf6 23. f3 g4 24. Nf4 Rg5 25. fxg4 Nxg4 26. Rf3 Kh8 27. Rh3 Rag8
28. Rf1 e5 29. dxe5 Qxe5 30. Rg3 Nf6 31. Rxg5 hxg5 32. Nh3 Ng4 33. Rxf5 Qxh2+
34. Kf1 Qg3 35. Kg1 Qxe3+ 36. Qxe3 Nxe3 37. Rf7 Rg7 38. Rf8+ Rg8 39. Rf7 Rg7
40. Rf8+ 1/2-1/2

[Event "4NCL/Div3/AMCAD vs. CONQ"]
[Site "Sunningdale ENG"]
[Date "2008.10.18"]
[Round "1.1"]
[White "Webb, Richard M"]
[Black "Turner, Caius"]
[Result "1/2-1/2"]
[WhiteElo "2259"]
[BlackElo "2089"]
[PlyCount "44"]
[EventDate "2008.10.18"]
[SourceDate "2008.10.04"]

1. e4 d6 2. d4 Nf6 3. Nc3 g6 4. Nf3 a6 5. Be2 b5 6. e5 Nfd7 7. a4 b4 8. Nd5 Nc6
9. e6 fxe6 10. Nf4 Nf6 11. Ng5 e5 12. Bf3 Nxd4 13. Bxa8 Bf5 14. Nfe6 Bxe6 15.
Nxe6 Nxe6 16. Bc6+ Kf7 17. O-O d5 18. f4 exf4 19. Bxf4 Nxf4 20. Rxf4 Kg7 21.
Qf3 Qd6 22. Rxf6 exf6 1/2-1/2

[Event "4NCL/Div3/AMCAD vs. CONQ"]
[Site "Sunningdale ENG"]
[Date "2008.10.18"]
[Round "1.2"]
[White "Gibbs, Dominic"]
[Black "Bonafont, Philip"]
[Result "0-1"]
[WhiteElo "1970"]
[BlackElo "2126"]
[PlyCount "106"]
[EventDate "2008.10.18"]
[SourceDate "2008.10.04"]

1. e4 c5 2. c3 Nf6 3. e5 Nd5 4. Nf3 Nc6 5. Bc4 Nb6 6. Bb3 d5 7. d4 cxd4 8. cxd4
Bg4 9. Be3 e6 10. O-O Be7 11. a3 O-O 12. Nbd2 a5 13. Re1 f6 14. exf6 Bxf6 15.
Qb1 Bf5 16. Qd1 a4 17. Ba2 Nd7 18. b3 axb3 19. Bxb3 Qe7 20. Qc1 Rfc8 21. Qb2
Nc5 22. Bc2 Nd3 23. Bxd3 Bxd3 24. Ne5 Bxe5 25. dxe5 b5 26. Nb3 Bc4 27. f4 Qf7
28. Nd4 Nxd4 29. Qxd4 Ra4 30. Bd2 Rf8 31. g3 Qg6 32. Bb4 Rf5 33. Qb6 h5 34. Qf2
Ra8 35. Rac1 Rd8 36. Bd6 Rd7 37. Rc3 Rdf7 38. Rf3 Qg4 39. Kg2 d4 40. h3 Qg6 41.
Kh2 Bd5 42. Rd3 Rxf4 43. gxf4 Qxd3 44. Re2 Rxf4 45. Qxf4 Qxe2+ 46. Kg3 d3 47.
Bb4 Kh7 48. Bd2 Qg2+ 49. Kh4 g5+ 50. Qxg5 Qf2+ 51. Qg3 Qxd2 52. a4 bxa4 53.
Kxh5 Qh6+ 0-1

[Event "4NCL/Div3/AMCAD vs. CONQ"]
[Site "Sunningdale ENG"]
[Date "2008.10.18"]
[Round "1.3"]
[White "Purdon, Colin"]
[Black "Foster, James C"]
[Result "1-0"]
[WhiteElo "2082"]
[BlackElo "1992"]
[PlyCount "73"]
[EventDate "2008.10.18"]
[SourceDate "2008.10.04"]

1. d4 d6 2. c4 Nf6 3. Nc3 g6 4. e4 Bg7 5. Nf3 O-O 6. Be2 e5 7. d5 a5 8. h3 Nh5
9. Ng1 Nf6 10. Bg5 h6 11. Be3 Na6 12. Bg4 Nxe4 13. Nxe4 f5 14. Nc3 fxg4 15.
hxg4 Nc5 16. Qe2 g5 17. Bxc5 dxc5 18. Ne4 b5 19. Rd1 bxc4 20. Nxc5 Rb8 21. Ne4
Rf4 22. f3 Qf8 23. Nh3 {=} Qb4+ 24. Rd2 Rf8 25. O-O Qb6+ 26. Kh1 Ba6 27. Nc3
Rfd8 28. Nf2 Qg6 29. Nfe4 Bf8 30. Ng3 a4 31. Nf5 Bd6 32. Ne4 Bf8 33. Nc3 Kh7
34. Qxe5 Rd7 35. Re1 a3 36. bxa3 c6 37. Qxb8 1-0

[Event "4NCL/Div3/AMCAD vs. CONQ"]
[Site "Sunningdale ENG"]
[Date "2008.10.18"]
[Round "1.4"]
[White "Holland, James"]
[Black "Duvall, Ian"]
[Result "1/2-1/2"]
[WhiteElo "1920"]
[BlackElo "2067"]
[PlyCount "60"]
[EventDate "2008.10.18"]
[SourceDate "2008.10.04"]

1. e4 c5 2. Nc3 g6 3. f4 Bg7 4. Nf3 Nc6 5. Bb5 d6 6. Bxc6+ bxc6 7. O-O e6 8. d3
Ne7 9. Be3 O-O 10. Qe1 Rb8 11. Rb1 Bd7 12. e5 Nf5 13. Bf2 Qa5 14. g4 Nd4 15.
Nxd4 cxd4 16. Bxd4 c5 17. Bf2 dxe5 18. fxe5 Bc6 19. a3 Ba8 20. Bg3 c4 21. Ne4
Qd5 22. Qe3 cxd3 23. cxd3 Kh8 24. Rf3 Bxe5 25. Bxe5+ Qxe5 26. Nc5 Qd5 27. Rbf1
{=} Rxb2 28. Nxe6 Re8 29. Qc1 Qxe6 30. Qxb2+ Kg8 1/2-1/2

[Event "4NCL/Div3/AMCAD vs. CONQ"]
[Site "Sunningdale ENG"]
[Date "2008.10.18"]
[Round "1.5"]
[White "Sarpotdar, Amogh"]
[Black "Paul, Barnaby"]
[Result "1-0"]
[WhiteElo "2059"]
[BlackElo "1750"]
[PlyCount "89"]
[EventDate "2008.10.18"]
[SourceDate "2008.10.04"]

1. Nf3 d5 2. g3 Nf6 3. Bg2 e6 4. d3 Bd6 5. O-O O-O 6. c3 c5 7. a4 Nc6 8. Nbd2
Re8 9. Qc2 Bd7 10. e4 b6 11. Re1 Qc7 12. Nf1 h6 13. Ne3 Rac8 14. b3 d4 15. Nc4
Ne5 16. Nfxe5 Bxe5 17. f4 Bd6 18. Nxd6 Qxd6 19. e5 Qe7 20. exf6 Qxf6 21. c4 Bc6
22. Ba3 a5 23. Qf2 Bxg2 24. Kxg2 Re7 25. Re4 Rce8 26. Rf1 Qg6 27. Bc1 Qh5 28.
Qf3 Qg6 29. Rfe1 Qf6 30. Re5 Kf8 31. Qc6 Rb8 32. f5 Reb7 33. fxe6 Re7 34. Qd6
Rbe8 35. Rf1 Qg6 36. Rxf7+ Kg8 37. Rxe7 Rxe7 38. Qxe7 Qxd3 39. Qf7+ Kh7 40.
Qf5+ Qxf5 41. Rxf5 Kg6 42. g4 h5 43. h3 d3 44. e7 hxg4 45. hxg4 1-0

[Event "4NCL/Div3/AMCAD vs. CONQ"]
[Site "Sunningdale ENG"]
[Date "2008.10.18"]
[Round "1.6"]
[White "Foster, Caroline"]
[Black "Tunstall, George"]
[Result "0-1"]
[WhiteElo "1610"]
[BlackElo "2017"]
[PlyCount "86"]
[EventDate "2008.10.18"]
[SourceDate "2008.10.04"]

1. d4 d5 2. Nf3 Nf6 3. e3 Bf5 4. Bd3 Bxd3 5. Qxd3 e6 6. Nbd2 Nbd7 7. O-O c5 8.
c3 Bd6 9. e4 cxd4 10. cxd4 dxe4 11. Nxe4 Qb6 12. Re1 Nxe4 13. Qxe4 Nf6 14. Qd3
O-O 15. Ng5 Rfd8 16. Ne4 Be7 17. Rd1 Nxe4 18. Qxe4 Bf6 19. Be3 Qxb2 20. Rdb1
Qc3 21. Rc1 Qa5 22. Qxb7 Qd5 23. Qxd5 Rxd5 24. Rc4 Rad8 25. Rb1 h6 26. g3 Bxd4
27. Bxd4 Rxd4 28. Rc7 R4d7 29. Rbb7 Rxc7 30. Rxc7 a5 31. Ra7 Rd5 32. Ra8+ Kh7
33. Ra7 Kg6 34. Kg2 f5 35. Ra6 Kf6 36. h4 g5 37. hxg5+ hxg5 38. Kf3 Rd3+ 39.
Ke2 Ra3 40. f4 Rxa2+ 41. Kf1 gxf4 42. gxf4 Ra4 43. Ke2 Re4+ 0-1

[Event "4NCL/Div3/NOTT2 vs. GUI4"]
[Site "Sunningdale ENG"]
[Date "2008.10.18"]
[Round "1.1"]
[White "Thompson, Brian"]
[Black "Anderton, Matthew N"]
[Result "0-1"]
[WhiteElo "1935"]
[BlackElo "2232"]
[PlyCount "90"]
[EventDate "2008.10.18"]
[SourceDate "2008.10.04"]

1. d4 Nf6 2. Nf3 c5 3. e3 g6 4. Be2 Bg7 5. O-O O-O 6. Nbd2 b6 7. c4 cxd4 8.
exd4 Bb7 9. Ne5 d6 10. Bf3 Qc7 11. Bxb7 Qxb7 12. Qf3 Qxf3 13. Nexf3 Nc6 14. Re1
e6 15. a3 d5 16. cxd5 Nxd5 17. Nb3 a5 18. Be3 h6 19. Rac1 Rac8 20. Rc2 a4 21.
Nbd2 f5 22. Rec1 Nce7 23. Rxc8 Rxc8 24. Rxc8+ Nxc8 25. Nc4 b5 26. Nce5 {=} g5
27. Bd2 Nd6 28. Nc6 Nc4 29. Bc1 Kf8 30. Nfe5 Bxe5 31. dxe5 Ke8 32. Nd4 Nxe5 33.
Nxe6 Nd3 34. Bd2 Nxb2 35. Nd4 Nc4 36. Bc1 Nc3 37. Kf1 Na2 38. Ne2 Nxc1 39. Nxc1
Nxa3 40. Ke2 Nc4 41. Kd3 Kd7 42. Kd4 Kd6 43. Na2 Ne5 44. f3 Nc6+ 45. Kc3 Kc5
0-1

[Event "4NCL/Div3/NOTT2 vs. GUI4"]
[Site "Sunningdale ENG"]
[Date "2008.10.18"]
[Round "1.2"]
[White "Richardson, Keith B"]
[Black "Graham, Neil"]
[Result "1-0"]
[WhiteElo "2194"]
[BlackElo "1925"]
[PlyCount "49"]
[EventDate "2008.10.18"]
[SourceDate "2008.10.04"]

1. c4 Nf6 2. Nc3 d5 3. cxd5 Nxd5 4. Nf3 g6 5. e4 Nxc3 6. bxc3 Bg7 7. d4 c5 8.
Be2 O-O 9. O-O Nc6 10. Be3 cxd4 11. cxd4 Bg4 12. d5 Ne5 13. Nxe5 Bxe2 14. Qxe2
Bxe5 15. Rad1 Qa5 16. Rb1 b6 17. Bg5 f6 18. Bh6 Rfc8 19. Rbc1 Qa4 20. h3 Qd7
21. Rcd1 Rc7 22. f4 Bd6 23. e5 Bc5+ 24. Kh1 f5 25. e6 1-0

[Event "4NCL/Div3/NOTT2 vs. GUI4"]
[Site "Sunningdale ENG"]
[Date "2008.10.18"]
[Round "1.3"]
[White "Cranmer, Stan"]
[Black "Jackson, Adrian"]
[Result "0-1"]
[WhiteElo "1890"]
[BlackElo "2206"]
[PlyCount "58"]
[EventDate "2008.10.18"]
[SourceDate "2008.10.04"]

1. d4 Nf6 2. Nf3 c5 3. e3 e6 4. Bd3 Nc6 5. c3 d5 6. Nbd2 Be7 7. O-O O-O 8. dxc5
Bxc5 9. e4 e5 10. b4 Bd6 11. a3 Bg4 12. Re1 Rc8 13. Bb2 Bb8 14. Qe2 Re8 15.
Rad1 Qc7 16. g3 d4 17. c4 Qd7 18. Rc1 Ne7 19. Kh1 Ng6 20. Qf1 Bh3 21. Qe2 Nh5
22. Ng1 Ngf4 23. gxf4 Nxf4 24. Qf3 Bg2+ 25. Qxg2 Nxg2 26. Kxg2 Rc6 27. Ne2 Rh6
28. Rh1 Qh3+ 29. Kg1 Qxd3 0-1

[Event "4NCL/Div3/NOTT2 vs. GUI4"]
[Site "Sunningdale ENG"]
[Date "2008.10.18"]
[Round "1.4"]
[White "Adair, James"]
[Black "Hill, Maurice J"]
[Result "1-0"]
[WhiteElo "2072"]
[BlackElo "1870"]
[PlyCount "61"]
[EventDate "2008.10.18"]
[SourceDate "2008.10.04"]

1. e4 c5 2. Nf3 a6 3. c3 d6 4. d4 Nd7 5. Bd3 Qc7 6. O-O Ngf6 7. b3 e6 8. Bb2
Be7 9. Nbd2 O-O 10. Ng5 h6 11. Nh3 Rb8 12. f4 b5 13. Qe2 e5 14. Rac1 Qb6 15.
Nf3 c4 16. Bb1 Bb7 17. Kh1 Qc6 18. Rce1 Bd8 19. fxe5 dxe5 20. dxe5 Nh7 21. Nf4
Re8 22. e6 fxe6 23. e5 Ng5 24. Qc2 Nf8 25. Ng6 Ngh7 26. Nd4 Qc5 27. Nxf8 Nxf8
28. Rxf8+ Kxf8 29. Qg6 Bg5 30. Rf1+ Ke7 31. Qf7+ 1-0

[Event "4NCL/Div3/NOTT2 vs. GUI4"]
[Site "Sunningdale ENG"]
[Date "2008.10.18"]
[Round "1.5"]
[White "Myers, Richard"]
[Black "Chipanga, Takaedza"]
[Result "0-1"]
[WhiteElo "1840"]
[BlackElo "2146"]
[PlyCount "52"]
[EventDate "2008.10.18"]
[SourceDate "2008.10.04"]

1. d4 d5 2. c4 e6 3. Nc3 Nf6 4. cxd5 exd5 5. Bf4 c6 6. Qc2 Na6 7. a3 Bd6 8.
Bxd6 Qxd6 9. e3 Nc7 10. Nf3 O-O 11. Be2 Bg4 12. h3 Bxf3 13. Bxf3 Ne6 14. O-O-O
b5 15. e4 Nd7 16. exd5 cxd5 17. Nxb5 Qb6 18. Nc3 Nxd4 19. Nxd5 Qh6+ 20. Qd2
Nb3+ 21. Kc2 Nxd2 22. Rxd2 Rad8 23. Rhd1 Kh8 24. Ne7 Qh4 25. Rxd7 Rxd7 26. Rxd7
Qa4+ 0-1

[Event "4NCL/Div3/NOTT2 vs. GUI4"]
[Site "Sunningdale ENG"]
[Date "2008.10.18"]
[Round "1.6"]
[White "Punnett, Alan K"]
[Black "Willoughby, Robert"]
[Result "1/2-1/2"]
[WhiteElo "2102"]
[BlackElo "1810"]
[PlyCount "70"]
[EventDate "2008.10.18"]
[SourceDate "2008.10.04"]

1. d4 Nf6 2. c4 e5 3. dxe5 Ng4 4. Nf3 Nc6 5. e3 Ngxe5 6. Be2 d6 7. O-O g6 8.
Nc3 Bg7 9. Nxe5 Nxe5 10. e4 O-O 11. Be3 Be6 12. Bd4 c5 13. Bxe5 Bxe5 14. Qd2
Qh4 15. f4 Bd4+ 16. Kh1 a6 17. Rad1 Rfe8 18. Bd3 Rad8 19. Ne2 Bg4 20. Rde1 Bg7
21. Nc3 Bd4 22. Nd5 f5 23. exf5 gxf5 24. Ne3 Rf8 25. h3 Rf6 26. Qf2 Qh5 27. Qg3
Kh8 28. Nxg4 fxg4 29. Re7 Rh6 30. Kh2 Rg8 31. Rfe1 gxh3 32. Qxg8+ Kxg8 33. Re8+
Qxe8 34. Rxe8+ Kf7 35. Rb8 hxg2+ 1/2-1/2

[Event "4NCL/Div3/ICENI vs. GUI5"]
[Site "Sunningdale ENG"]
[Date "2008.10.18"]
[Round "1.1"]
[White "Reynolds, D Ian"]
[Black "Stimpson, Philip M"]
[Result "1-0"]
[WhiteElo "2111"]
[BlackElo "2079"]
[PlyCount "77"]
[EventDate "2008.10.18"]
[SourceDate "2008.10.04"]

1. e4 e5 2. Nf3 Nc6 3. Bc4 Bc5 4. c3 Nf6 5. d3 d6 6. b4 Bb6 7. a4 a6 8. O-O O-O
9. Re1 Be6 10. Nbd2 Qd7 11. Qb3 Rae8 12. Nf1 Ng4 13. Ra2 Bxc4 14. Qxc4 Qe6 15.
Qxe6 fxe6 16. h3 Nf6 17. Ne3 d5 18. b5 dxe4 19. dxe4 axb5 20. axb5 Ne7 21. Nc4
Bc5 22. Ba3 Bxa3 23. Rxa3 Ra8 24. Rxa8 Rxa8 25. Ncxe5 Nc8 26. Nd4 Nd6 27. f3
Nf7 28. Ng4 Nxg4 29. hxg4 Nd6 30. e5 Nc4 31. Nxe6 c6 32. bxc6 bxc6 33. Nd4 c5
34. Nf5 g6 35. Ne7+ Kf7 36. Nd5 Re8 37. f4 g5 38. g3 Nb2 39. f5 1-0

[Event "4NCL/Div3/ICENI vs. GUI5"]
[Site "Sunningdale ENG"]
[Date "2008.10.18"]
[Round "1.2"]
[White "Gibbs, Daniel"]
[Black "Lunn, Timothy"]
[Result "1/2-1/2"]
[WhiteElo "1925"]
[BlackElo "2066"]
[PlyCount "23"]
[EventDate "2008.10.18"]
[SourceDate "2008.10.04"]

1. d4 d5 2. Nf3 Nf6 3. c4 dxc4 4. Nc3 a6 5. e4 b5 6. e5 Nd5 7. Ng5 Nxc3 8. bxc3
c6 9. h4 e6 10. a4 Bb7 11. Qc2 h6 12. Ne4 1/2-1/2

[Event "4NCL/Div3/ICENI vs. GUI5"]
[Site "Sunningdale ENG"]
[Date "2008.10.18"]
[Round "1.3"]
[White "Feavyour, John"]
[Black "Higgs, Anthony"]
[Result "0-1"]
[WhiteElo "2072"]
[BlackElo "1995"]
[PlyCount "94"]
[EventDate "2008.10.18"]
[SourceDate "2008.10.04"]

1. d4 d6 2. e4 Nf6 3. Nc3 Nbd7 4. Nf3 e5 5. Bc4 h6 6. O-O Be7 7. Bb3 c6 8. h3
Qc7 9. Be3 Nf8 10. Qe2 b5 11. a3 a6 12. Rad1 g5 13. dxe5 dxe5 14. g4 Ng6 15.
Rd2 Nxg4 16. hxg4 Bxg4 17. Bxf7+ Kxf7 18. Nxg5+ hxg5 19. Qxg4 Rad8 20. Rfd1
Rxd2 21. Rxd2 Rd8 22. Qf5+ Kg7 23. Rxd8 Qxd8 24. Kf1 Qh8 25. Qd7 Qh4 26. Qxc6
Qh1+ 27. Ke2 Nh4 28. Qd7 Kf8 29. Qg4 Ng2 30. Bd2 Nf4+ 31. Bxf4 exf4 32. Qf5+
Kg7 33. Nd5 Bd8 34. Qd7+ Kh6 35. Qxd8 Qxe4+ 36. Kd2 Qd4+ 37. Kc1 Qxf2 38. Qh8+
Kg6 39. Ne7+ Kf7 40. Qh7+ Ke8 41. Qe4 Qg1+ 42. Kd2 Qe3+ 43. Qxe3 fxe3+ 44. Kxe3
Kxe7 45. Kf3 Ke6 46. b3 a5 47. Ke4 b4 0-1

[Event "4NCL/Div3/ICENI vs. GUI5"]
[Site "Sunningdale ENG"]
[Date "2008.10.18"]
[Round "1.4"]
[White "Quinn, Joseph"]
[Black "Ruthen, Steven"]
[Result "0-1"]
[WhiteElo "1846"]
[BlackElo "2050"]
[PlyCount "54"]
[EventDate "2008.10.18"]
[SourceDate "2008.10.04"]

1. e4 e5 2. Nf3 Nc6 3. d4 exd4 4. Bc4 Nf6 5. O-O Bc5 6. e5 d5 7. exf6 dxc4 8.
Re1+ Be6 9. fxg7 Rg8 10. Ng5 Qd5 11. Nc3 Qf5 12. Nce4 O-O-O 13. Nxc5 Qxc5 14.
Nxe6 fxe6 15. Qg4 Qf5 16. Qe2 Rxg7 17. Qxe6+ Qxe6 18. Rxe6 Nb4 19. Re2 d3 20.
cxd3 cxd3 21. Rd2 Nc2 22. Rb1 Ne1 23. Kf1 Nxg2 24. Rd1 Nh4 25. Be3 Nf3 26. Rxd3
Rxd3 27. Ke2 Ne5 0-1

[Event "4NCL/Div3/ICENI vs. GUI5"]
[Site "Sunningdale ENG"]
[Date "2008.10.18"]
[Round "1.5"]
[White "Donaghay, Richard"]
[Black "Shaw, Matthew"]
[Result "0-1"]
[WhiteElo "1980"]
[BlackElo "1925"]
[PlyCount "58"]
[EventDate "2008.10.18"]
[SourceDate "2008.10.04"]

1. e4 e6 2. d3 d5 3. Nd2 c5 4. g3 Bd6 5. Bg2 Ne7 6. Ngf3 Nbc6 7. O-O O-O 8. Re1
Qc7 9. Nf1 Bd7 10. c3 d4 11. Qe2 e5 12. c4 a6 13. h4 b5 14. b3 bxc4 15. bxc4
Rab8 16. Ba3 Qa5 17. Bc1 Rb7 18. Bd2 Qa4 19. Qd1 Qa3 20. Qe2 Rfb8 21. Red1 Nb4
22. Ne1 Ba4 23. Rdc1 Nxa2 24. Qg4 Bd7 25. Qf3 Qb3 26. Rd1 Nc3 27. Bxc3 dxc3 28.
Rxa6 Nc6 29. Qe3 Qxd1 0-1